Study on threshing methods and their effects on quality of grain yield with different varieties, សិក្សាអំពីវិធីបោកបែន និងឥទ្ធិពលរបស់វាទៅលើគុណភាពគ្រាប់ស្រូវពុជផ្សេងៗ (Record no. 4613)

000 -LEADER
fixed length control field 00659nam a22001577a 4500
003 - CONTROL NUMBER IDENTIFIER
control field OSt
005 - DATE AND TIME OF LATEST TRANSACTION
control field 20151216162407.0
008 - FIXED-LENGTH DATA ELEMENTS--GENERAL INFORMATION
fixed length control field 151216b xxu||||| |||| 00| 0 eng d
040 ## - CATALOGING SOURCE
Transcribing agency RUA
082 ## - DEWEY DECIMAL CLASSIFICATION NUMBER
Classification number ATM KHU 2001 B192 Or.1
100 ## - MAIN ENTRY--PERSONAL NAME
9 (RLIN) 4965
Personal name KHUON, KOMPHEAK.
245 ## - TITLE STATEMENT
Title Study on threshing methods and their effects on quality of grain yield with different varieties, សិក្សាអំពីវិធីបោកបែន និងឥទ្ធិពលរបស់វាទៅលើគុណភាពគ្រាប់ស្រូវពុជផ្សេងៗ
260 ## - PUBLICATION, DISTRIBUTION, ETC. (IMPRINT)
Place of publication, distribution, etc. Phnom Penh
Name of publisher, distributor, etc. RUA
Date of publication, distribution, etc. 2001
300 ## - PHYSICAL DESCRIPTION
Extent 43p.
Other physical details ill.
Dimensions 29cm.
942 ## - ADDED ENTRY ELEMENTS (KOHA)
Source of classification or shelving scheme
Koha item type ATM

No items available.

មជ្ឈមណ្ឌលឯការនៃសាកលវិទ្យាល័យភូមិន្ទកសិកម្មចំការដូង

Powered by Koha